Testing for the stationarity of regional output in CEECs

Stálosť regionálnych výnosov na občana v regiónoch strednej a východnej Európy - Poľsko, Česko, Maďarsko a Slovensko. Výška HDP na občana. Panelové unit-root testy. Harris-Tzavalis test. Metodológia, dáta a výsledky.

Guardado en:
Detalles Bibliográficos
Autor principal: Zárembová, Andrea, 1986-
Formato: Capítulo de libro
Lenguaje:inglés
Materias:
Etiquetas: Agregar Etiqueta
Sin Etiquetas, Sea el primero en etiquetar este registro!

MARC

LEADER 00000nla a2200000 4500
001 0155047
005 20240502083348.2
041 0 |a eng 
044 |a CZ 
245 1 0 |a Testing for the stationarity of regional output in CEECs  |c Andrea Zárembová 
520 |a Stálosť regionálnych výnosov na občana v regiónoch strednej a východnej Európy - Poľsko, Česko, Maďarsko a Slovensko. Výška HDP na občana. Panelové unit-root testy. Harris-Tzavalis test. Metodológia, dáta a výsledky. 
610 2 0 |a regióny 
610 2 0 |a produkt domáci hrubý 
610 2 0 |a výnosy 
610 2 0 |a ukazovatele makroekonomické 
610 2 0 |a testy 
610 2 0 |a Poľsko 
610 2 0 |a Česko 
610 2 0 |a Maďarsko 
610 2 0 |a Slovensko 
100 1 |a Zárembová, Andrea, 1986-